000 00258nam a2200097Ia 4500
008 240331s9999 xx 000 0 und d
082 _bPOR
100 _aVimukthi Dharma Kendraya
245 0 _aPora samathanama? :
_bIllankaiyin thesiya Inapprachchanai
942 _cL
999 _c2033
_d2033